LEADER 00994nam a2200241 4500 001 000000351342 003 CaOOAMICUS 005 20240408104952.0 008 220824s1825 it 000 u ita r 026 $ee,so mali o,so OrDe (7) 1825 (R) 040 $aSeMil$bita 245 00$aVolume 2 /$c[Virgilio]. 264 1$aMilano :$bPer Antonio Fontana,$c1825. 300 $a308 p. ;$c12° 500 $aSegn.: 1-18/? 19/¹? 500 $aLegato con 2ZB X 37 FA 773 0 $aVergilius Maro, Publius <70-19 a.C.>$tOpere tradotte. Volume 1. [-2.].$dMilano : Per Antonio Fontana, 1825.$kBiblioteca portatile latina italiana e francese. Classe italiana$g2$w()351340 850 $aSeMil 852 $aSeMil$W1$xVenegono$y1$m2ZB X 38 FA$j234020$B242406$CSeMilBibl$Z2$F242406 $8I 961 $aLegato con 2ZB X 37 FA 996 $6245$aVolume 2$9(OLS)http://semarc/title/445306 996 $6264$aMilano :$bPer Antonio Fontana$9(OLS)http://semarc/publisher/35032 LEADER 00863nam a2200193 i 4500 001 000000233458 003 CaOOAMICUS 005 20140919000000.0 008 140919s1822 it u000 u ita u 013 $a212361 026 $aD.ne peui o-he veci (3) 1822 (A) 040 $aSeMil$bita 245 10$aTomo 20. 300 $a399, [1] p. 500 $aContiene : Libro della Cantica de' cantici, Indice generale (da p. 173). 773 0 $aBibbia$tVecchio Testamento secondo la volgata tradotto in lingua italiana e con annotazioni dichiarato dall'illust. e rever. monsig. Antonio Martini arcivescovo di Firenze ec. ec. Tomo 1.[-20.].$dVenezia : Dalla Tipografia di Girolamo Tasso, 1821-1822.$g20$w()30561 850 $aSeMil 852 $aSeMil$W1$xVenegono$y1$m2Y II 56 FA$j183804$B183804$CSeMilBibl$Z2$F194536 $8I 996 $6245$aTomo 20$9(OLS)http://semarc/title/298346